Statistics for First 10 US Presidents Quiz

Click here to take the quiz!

General Stats

  • This quiz has been taken 509 times
  • The average score is 9 of 10

Answer Stats

TermPresident% Correct
1789-1797George Washington
100%
1825-1829John Quincy Adams
98%
1797-1801John Adams
97%
1801-1809Thomas Jefferson
97%
1809-1817James Madison
89%
1817-1825James Monroe
87%
1829-1837Andrew Jackson
83%
1841-1845John Tyler
75%
1841William Henry Harrison
73%
1837-1841Martin Van Buren
72%

Score Distribution

Percentile by Number Answered

Percent of People with Each Score

Your Score History

You have not taken this quiz